000 00807nam a22002417a 4500
003 dpl
005 20180722105241.0
008 180605b xxu||||| |||| 00| 0 eng d
010 _aB-021905, B-021915
020 _c00.00
_a8171415369
035 _aB-021905, B-021908
037 _bCen Lib/Ret
040 _aDPL
_bEN
_c0
082 _a338.91734
_bRUR
245 _aRural development /
_cedited by S. N. Tripathy
260 _aNew Delhi
_bDiscovery Publishing House
_c2000
270 _a4831/24, Ansari Road, Prahlad Street Darya Ganj
_bNew Delhi
_e110002
300 _a168p.
_c22cmHb)
650 _aRural development--Government policy
_911545
650 _aRural development--Environmental aspects
_911546
700 _aTripathy, S. N
_911004
942 _2ddc
_cEN
_h338.91734
_mTRI
999 _c124671
_d124671